=LDR 00000nam 2200000 4500 =001 INLIS000000000031593 =005 20130612133645 =008 ***********************************ind** =035 ##$$0010-061300000031593 =041 ##$$a ind =082 ##$$a 904.7 =090 ##$$a 904.7, Sas, m =100 ##$$a SASONGKO, Setiawan G =245 ##$$a Mengpa Ada Senjata dan Perang , Setiawan G. Sasongko;Editor,Syerif Nurhakim =260 ##$$a 2008 $b Jakarta =300 ##$$a viii,978 hlm. , Illus. , 28 cm =650 ##$$a PERTEMPURAN =700 ##$$a NURHAKIM, Syerif =850 ##$$a NBPNMAT